A guide to health facilities : personnel and management /

Saved in:
Bibliographic Details
Main Author: Sloane, Robert M.
Other Authors: Sloane, Beverly LeBov
Format: Book
Published: Saint Louis : Mosby, c1977.
Edition:2d ed.
Subjects:
Tags: Add Tag
No Tags, Be the first to tag this record!

MARC

LEADER 00000cam a2200000 i 4500
020 |a 0801646537  |c TZs.10000/- 
040 |a MUL  |b eng.  |e AACR 
082 0 0 |a 362.1SLO 
100 1 |a Sloane, Robert M. 
245 1 2 |a A guide to health facilities :  |b personnel and management /  |c Robert M. Sloane and Beverly LeBov Sloane  
250 |a 2d ed. 
260 |a Saint Louis :  |b Mosby,  |c c1977. 
300 |a xii, 209 p. :  |b ill. ;  |c 25 cm. 
504 |a Includes bibliographies and index. 
650 0 |a Health facilities. 
650 0 |a Health facilities 
650 2 |a Health facilities. 
650 2 |a Hospital Administration. 
700 1 |a Sloane, Beverly LeBov, 
942 |c BK 
999 |c 2460  |d 2460